An introduction to the Buddhist Canon : (Record no. 4376)
[ view plain ]
| 000 -LEADER | |
|---|---|
| fixed length control field | 00561nam a2200157 4500 |
| 001 - CONTROL NUMBER | |
| control field | 5217 |
| 005 - DATE AND TIME OF LATEST TRANSACTION | |
| control field | 20181127175029.0 |
| 090 00 - LOCALLY ASSIGNED LC-TYPE CALL NUMBER (OCLC); LOCAL CALL NUMBER (RLIN) | |
| Classification number (OCLC) (R) ; Classification number, CALL (RLIN) (NR) | 244.2 G454a 1984 |
| 245 00 - TITLE STATEMENT | |
| Title | An introduction to the Buddhist Canon : |
| Remainder of title | 139 Buddhist scriptures / |
| Statement of responsibility, etc. | Translated by R. W. Giebel. |
| Medium | |
| 260 00 - PUBLICATION, DISTRIBUTION, ETC. | |
| Place of publication, distribution, etc. | Taipei, Taiwan : |
| Name of publisher, distributor, etc. | The Corporate Body of the Buddha Educational Foundation, |
| Date of publication, distribution, etc. | 1984. |
| 300 00 - PHYSICAL DESCRIPTION | |
| Extent | 309 p. ; 25 cm. |
| 500 ## - GENERAL NOTE | |
| General note | In English & Chinese. |
| 650 00 - SUBJECT ADDED ENTRY--TOPICAL TERM | |
| Topical term or geographic name entry element | Buddha and Buddhism --Sacred books. |
| General subdivision | |
| Topical term or geographic name entry element | Tripiṭaka --Introductions. |
| General subdivision | |
| Withdrawn status | Lost status | Source of classification or shelving scheme | Damaged status | Not for loan | Collection code | Home library | Current library | Shelving location | Serial Enumeration / chronology | Inventory number | Total Checkouts | Full call number | Barcode | Date last seen | Price effective from | Koha item type |
|---|---|---|---|---|---|---|---|---|---|---|---|---|---|---|---|---|
| Dewey Decimal Classification | Main TEST | RTC Library | RTC Library | Main opac | 8501 | 244.2 GIE | 30008898 | 27/11/2018 | 27/11/2018 | Main |